000 00932nas a22002537a 4500
999 _c6647
_d6647
003 OSt
005 20181016123515.0
008 131024d2002 spc||||| |||| 00| 0 spc d
024 _2DL
_aB- 7361-2002
040 _cCDMR
_bcat
245 0 0 _aA prop! comunicació
_b: revista de comunicació de proximitat
246 3 3 _aA prop!
260 _aBarcelona
_bTaula de Comunicació de Barcelona
_c2002 - 2011
310 _airregular
362 _aNúm. 1 (maig 2002) - núm. 24 (nov. 2011)
500 _aNúm. preliminar: Núm. 0 (gen./març 2002)
650 0 4 _91509
_aPremsa
_zBarcelona
_vRevistes
650 0 4 _94588
_aTelevisió
_zBarcelona
_vRevistes
650 0 4 _94596
_aRàdio
_zBarcelona
_vRevistes
650 0 4 _94580
_aButlletins d'informació
710 2 _93754
_aTaula de Comunicació de Barcelona
942 _2udc
_cSER